Europa nach Buchstabe - F - Statistiken

Allgemein
  • Dieses Quiz wurde 100 mal gespielt
  • Das Durchschnittsergebnis liegt bei 13 aus 20
Antwortstatistiken
Hinweis Antwort % Korrekt
Welches skandinavische Land wird auch das „Land der tausend Seen“ genannt? Finnland
97%
Welcher Nadelbaum ist in europäischen Wäldern sehr verbreitet? Fichte
95%
Welches Land ist flächenmäßig das größte in der EU? Frankreich
95%
In welcher deutschen Stadt steht die Paulskirche? Frankfurt am Main
93%
Welche deutsche Stadt liegt an der Grenze zu Dänemark? Flensburg
92%
Welcher Monat ist der kürzeste im europäischen Kalender? Februar
91%
Wie heißt die italienische Stadt, die als Wiege der Renaissance gilt? Florenz
91%
Welches Tier ist das Symbol für Schlauheit in europäischen Fabeln? Fuchs
88%
Wie nennt man die tiefen, schmalen Meeresarme in Norwegen? Fjorde
87%
Welcher preußische König wurde auch „Der Alte Fritz“ genannt? Friedrich der Große
83%
Welcher Staat gehört geografisch zu Dänemark, ist aber weitgehend autonom? Färöer-Inseln
72%
Welchen Titel tragen die Adligen in Monaco? Fürsten
71%
Wie hieß der spanische Diktator, der bis 1975 regierte? Franco
55%
Welches Ereignis markierte 1789 den Beginn der modernen Ära in Europa? Französische Revolution
52%
Wer konstruierte maßgeblich den Volkswagen? (Vorname mit F!) Ferdinand Porsche
51%
Welches Element im Periodensystem wurde nach einem europäischen Land benannt? Francium
33%
Wie nennt man das System der Lehensherrschaft im europäischen Mittelalter? Feudalismus
27%
Welches Instrument spielte der berühmte europäische Komponist Frédéric Chopin? (Spezifisch) Flügel
20%
Wie heißt die europäische Währungsgemeinschaft? Finanzunion
3%
Wie heißt der höchste Gipfel der Berner Alpen? Finsteraarhorn
3%
Keine übereinstimmenden Quizze gefunden
Verteilung der Resultate
Anzahl Personen mit jedem Resultat
Perzentil nach korrekt beantworteten Fragen
Ihre Resultats-Entwicklung
Sie haben dieses Quiz noch nicht gespielt